20 Biggest Cities in Montana - Statistics

General Stats
  • This quiz has been taken 69 times
  • The average score is 13 of 20
Answer Stats
Hint Answer % Correct
122,077 Billings
100%
78,876 Missoula
96%
58,459 Bozeman
94%
35,204 Helena
94%
36,077 Butte
92%
31,540 Kalispell
90%
60,414 Great Falls
88%
9,757 Anaconda
76%
9,328 Havre
76%
9,599 Whitefish
71%
8,464 Miles City
67%
13,115 Belgrade
61%
9,052 Livingston
53%
4,773 Glendive
47%
5,833 Columbia Falls
43%
5,449 Hamilton
43%
7,185 Laurel
43%
6,028 Sidney
37%
5,761 Polson
31%
6,208 Lewistown
29%
No matching quizzes found
Score Distribution
Percent of People with Each Score
Percentile by Number Answered
Your Score History
You have not taken this quiz